Decreto de necesidad y urgencia 70/2023. Impugnaciones en el ámbito judicial: análisis, consideraciones y diagnóstico parcial (Registro nro. 32712)
[ vista simple ]
| 000 -LEADER | |
|---|---|
| fixed length control field | 00434 a2200109 4500 |
| 001 - CONTROL NUMBER | |
| control field | ART_60208 |
| 005 - DATE AND TIME OF LATEST TRANSACTION | |
| control field | 20260410162017.0 |
| 008 - FIXED-LENGTH DATA ELEMENTS--GENERAL INFORMATION | |
| fixed length control field | 260409a |
| 100 1# - MAIN ENTRY--PERSONAL NAME | |
| Personal name | Roitman, Facundo J. |
| 245 10 - TITLE STATEMENT | |
| Title | Decreto de necesidad y urgencia 70/2023. Impugnaciones en el ámbito judicial: análisis, consideraciones y diagnóstico parcial |
| 773 0# - HOST ITEM ENTRY | |
| Title | Temas de derecho administrativo |
| Related parts | - Año 9, N° 2/3 (feb./mar. 2024) |
| Record control number | REV40468 |
No hay ítems disponibles.